000 00593cam a22002291 4500
001 sa 68004928
003 DLC
005 20260227112505.0
008 880406s1966 ii 000 0 eng
010 _asa 68004928
025 _aPL480:I-E-9944
035 _a(OCoLC)17739778
040 _aDLC
_cMiEM
_dDLC
042 _apremarc
050 0 0 _aHF3781
_b.T4
082 _a382/.5/025
110 2 _aJ. Walter Thompson Company.
_bMarket Research Department.
245 1 0 _aMajor Indian export markets.
260 _aBombay,
_c1966.
300 _a263 p.
_c29 cm.
651 0 _aIndia
_xCommerce.
999 _c80429
_d80429